Pays de l’Europe sur une carte - Statistiques

Statistiques générales
  • Ce quiz a été pris 170 fois
  • Le résultat moyen est 28 sur 46
Réponses sur la Carte
Les réponses sont colorées sur une échelle allant du rouge au vert en fonction du pourcentage des utilisateurs qui les ont devinées à leur premier essai. Vous pouvez retrouver ces pourcentages ci-dessous.
 
Statistiques - réponses
Réponse % Correct
Malte
86%
Luxembourg
79%
Allemagne
77%
Danemark
73%
France
71%
Islande
71%
Grèce
67%
Norvège
67%
Pologne
67%
Andorre
66%
Italie
66%
Portugal
66%
Russie
66%
Suède
66%
Suisse
66%
Espagne
65%
Monaco
65%
Pays-Bas
65%
Ukraine
65%
Vatican
64%
Belgique
63%
Irlande
63%
Royaume-Uni
62%
Croatie
60%
Finlande
60%
Roumanie
60%
Lettonie
59%
Lituanie
59%
République tchèque
59%
Bulgarie
58%
Hongrie
58%
Albanie
57%
Biélorussie
57%
Liechtenstein
57%
Autriche
56%
Saint-Marin
55%
Chypre
53%
Slovénie
51%
Estonie
50%
Slovaquie
48%
Kosovo
47%
Moldavie
44%
Serbie
43%
Macédoine du Nord
40%
Monténégro
36%
Bosnie Herzégovine
35%
Aucun quiz correspondant
Distribution des résultats
% des personnes avec chaque résultat
Percentile par nombre de réponses
Votre historique - résultats
Vous n’avez pas pris ce quiz